01483nam a2200325Ia 4500001001200000003000800012006001900020007001500039008004100054010001700095020001500112020001500127020001800142040002100160035002100181050002500202082001700227245029300244260005600537300002400593504004100617533015200658650002900810650004500839655002900884710008400913710001700997856012601014999001701140ebr10267559CaPaEBRm u cr cn|||||||||960313m2008 dcua sb 000 0 eng d z 95073151  z0309054788 z0309128447 z9780309128445 aCaPaEBRcCaPaEBR a(OCoLC)30990431014aTL1530b.S665 2008eb04a629.47/722100aSpacecraft maximum allowable concentrations for selected airborne contaminants.nVolume 5h[electronic resource] /cCommittee on Spacecraft Exposure Guidelines, Committee on Toxicology, Board on Environmental Studies and Toxicology, Commission on Life Sciences, National Research Council. aWashington, D.C. :bNational Academy Press,cc2008. axix, 386 p. :bill. aIncludes bibliographical references. aElectronic reproduction.bPalo Alto, Calif. :cebrary,d2013.nAvailable via World Wide Web.nAccess may be limited to ebrary affiliated libraries. 0aSpace cabin atmospheres. 0aLife support systems (Space environment) 7aElectronic books.2local2 aNational Research Council (U.S.).bCommittee on Spacecraft Exposure Guidelines.2 aebrary, Inc.40uhttp://site.ebrary.com/lib/rucke/Doc?id=10267559zAn electronic book accessible through the World Wide Web; click to view c23637d23637